<?xml version="1.0" encoding="UTF-8"?>
<record
    xmlns:xsi="http://www.w3.org/2001/XMLSchema-instance"
    xsi:schemaLocation="http://www.loc.gov/MARC21/slim http://www.loc.gov/standards/marcxml/schema/MARC21slim.xsd"
    xmlns="http://www.loc.gov/MARC21/slim">

  <leader>00340pam a2200145a 44500</leader>
  <controlfield tag="008">230405s1968    xxu||||| |||| 00| 0 eng d</controlfield>
  <datafield tag="041" ind1=" " ind2=" ">
    <subfield code="a">ENG</subfield>
  </datafield>
  <datafield tag="245" ind1=" " ind2=" ">
    <subfield code="a">All India Reporter</subfield>
  </datafield>
  <datafield tag="260" ind1=" " ind2=" ">
    <subfield code="a">Pune</subfield>
    <subfield code="b">Hind Law House</subfield>
    <subfield code="c">1968</subfield>
  </datafield>
  <datafield tag="300" ind1=" " ind2=" ">
    <subfield code="a">72p.</subfield>
  </datafield>
  <datafield tag="440" ind1=" " ind2=" ">
    <subfield code="a">Hind Law House</subfield>
  </datafield>
  <datafield tag="650" ind1=" " ind2=" ">
    <subfield code="a">ALL INDIA REPORTER</subfield>
  </datafield>
  <datafield tag="690" ind1=" " ind2=" ">
    <subfield code="a">REPORTS</subfield>
  </datafield>
  <datafield tag="906" ind1=" " ind2=" ">
    <subfield code="a">3927</subfield>
  </datafield>
  <datafield tag="999" ind1=" " ind2=" ">
    <subfield code="c">875538</subfield>
    <subfield code="d">875538</subfield>
  </datafield>
  <datafield tag="952" ind1=" " ind2=" ">
    <subfield code="0">0</subfield>
    <subfield code="1">0</subfield>
    <subfield code="4">0</subfield>
    <subfield code="7">0</subfield>
    <subfield code="8">C</subfield>
    <subfield code="a">NLS</subfield>
    <subfield code="b">NLS</subfield>
    <subfield code="d">2016-01-11</subfield>
    <subfield code="l">0</subfield>
    <subfield code="o">348.0154/AIR</subfield>
    <subfield code="p">NLS-R-50197</subfield>
    <subfield code="r">2023-09-12 00:00:00</subfield>
    <subfield code="w">2023-09-12</subfield>
    <subfield code="y">BK</subfield>
  </datafield>
  <datafield tag="952" ind1=" " ind2=" ">
    <subfield code="0">0</subfield>
    <subfield code="1">0</subfield>
    <subfield code="4">0</subfield>
    <subfield code="7">0</subfield>
    <subfield code="8">C</subfield>
    <subfield code="a">NLS</subfield>
    <subfield code="b">NLS</subfield>
    <subfield code="d">2016-01-11</subfield>
    <subfield code="l">0</subfield>
    <subfield code="o">348.0154/AIR</subfield>
    <subfield code="p">NLS-R-50196</subfield>
    <subfield code="r">2023-09-12 00:00:00</subfield>
    <subfield code="w">2023-09-12</subfield>
    <subfield code="y">BK</subfield>
  </datafield>
  <datafield tag="952" ind1=" " ind2=" ">
    <subfield code="0">0</subfield>
    <subfield code="1">0</subfield>
    <subfield code="4">0</subfield>
    <subfield code="7">0</subfield>
    <subfield code="8">C</subfield>
    <subfield code="a">NLS</subfield>
    <subfield code="b">NLS</subfield>
    <subfield code="d">2016-01-11</subfield>
    <subfield code="l">0</subfield>
    <subfield code="o">348.0154/AIR</subfield>
    <subfield code="p">NLS-R-50195</subfield>
    <subfield code="r">2023-09-12 00:00:00</subfield>
    <subfield code="w">2023-09-12</subfield>
    <subfield code="y">BK</subfield>
  </datafield>
  <datafield tag="952" ind1=" " ind2=" ">
    <subfield code="0">0</subfield>
    <subfield code="1">0</subfield>
    <subfield code="4">0</subfield>
    <subfield code="7">0</subfield>
    <subfield code="8">C</subfield>
    <subfield code="a">NLS</subfield>
    <subfield code="b">NLS</subfield>
    <subfield code="d">2016-01-11</subfield>
    <subfield code="l">0</subfield>
    <subfield code="o">348.0154/AIR</subfield>
    <subfield code="p">NLS-R-50194</subfield>
    <subfield code="r">2023-09-12 00:00:00</subfield>
    <subfield code="w">2023-09-12</subfield>
    <subfield code="y">BK</subfield>
  </datafield>
  <datafield tag="952" ind1=" " ind2=" ">
    <subfield code="0">0</subfield>
    <subfield code="1">0</subfield>
    <subfield code="4">0</subfield>
    <subfield code="7">0</subfield>
    <subfield code="8">C</subfield>
    <subfield code="a">NLS</subfield>
    <subfield code="b">NLS</subfield>
    <subfield code="d">2016-01-11</subfield>
    <subfield code="l">0</subfield>
    <subfield code="o">348.0154/AIR</subfield>
    <subfield code="p">NLS-R-50193</subfield>
    <subfield code="r">2023-09-12 00:00:00</subfield>
    <subfield code="w">2023-09-12</subfield>
    <subfield code="y">BK</subfield>
  </datafield>
  <datafield tag="952" ind1=" " ind2=" ">
    <subfield code="0">0</subfield>
    <subfield code="1">0</subfield>
    <subfield code="4">0</subfield>
    <subfield code="7">0</subfield>
    <subfield code="8">C</subfield>
    <subfield code="a">NLS</subfield>
    <subfield code="b">NLS</subfield>
    <subfield code="d">2016-01-11</subfield>
    <subfield code="l">0</subfield>
    <subfield code="o">348.0154/AIR</subfield>
    <subfield code="p">NLS-R-50192</subfield>
    <subfield code="r">2023-09-12 00:00:00</subfield>
    <subfield code="w">2023-09-12</subfield>
    <subfield code="y">BK</subfield>
  </datafield>
  <datafield tag="952" ind1=" " ind2=" ">
    <subfield code="0">0</subfield>
    <subfield code="1">0</subfield>
    <subfield code="4">0</subfield>
    <subfield code="7">0</subfield>
    <subfield code="8">C</subfield>
    <subfield code="a">NLS</subfield>
    <subfield code="b">NLS</subfield>
    <subfield code="d">2016-01-11</subfield>
    <subfield code="l">0</subfield>
    <subfield code="o">348.0154/AIR</subfield>
    <subfield code="p">NLS-R-50191</subfield>
    <subfield code="r">2023-09-12 00:00:00</subfield>
    <subfield code="w">2023-09-12</subfield>
    <subfield code="y">BK</subfield>
  </datafield>
  <datafield tag="952" ind1=" " ind2=" ">
    <subfield code="0">0</subfield>
    <subfield code="1">0</subfield>
    <subfield code="4">0</subfield>
    <subfield code="7">0</subfield>
    <subfield code="8">C</subfield>
    <subfield code="a">NLS</subfield>
    <subfield code="b">NLS</subfield>
    <subfield code="d">2016-01-11</subfield>
    <subfield code="l">0</subfield>
    <subfield code="o">348.0154/AIR</subfield>
    <subfield code="p">NLS-R-50190</subfield>
    <subfield code="r">2023-09-12 00:00:00</subfield>
    <subfield code="w">2023-09-12</subfield>
    <subfield code="y">BK</subfield>
  </datafield>
</record>
